000 00713nam a2200217 i 4500
001 10516
003 ES-MaACL
005 20231229063001.0
007 t|
008 950823s1954 sp f |||| | spa d
080 _a9(460)"1873/1874"
100 1 _aGalindo Herrero, Santiago,
_d1920-1977
_953440
245 1 3 _aLa primera República /
_cpor Santiago Galindo Herrero.
260 _aMadrid :
_bPublicaciones Españolas,
_c1954.
300 _a29 p., [4] p. de lám. ;
_c24 cm.
490 1 _aTemas españoles ;
_v133
651 4 _aEspaña-
_xHistoria-
_y1873-1874, I República.
_98263
830 0 _aTemas españoles ;
_v133
_9178712
852 _aES-MaACL
_jL-17826
999 _c10516
_d10516